[Event "Mazowiec-chT op 1718"]
[Site "Warsaw"]
[Date "2018.02.18"]
[Round "7.2"]
[White "Radwanski, Sebastian"]
[Black "Wypych, Dominik"]
[Result "0-1"]
[WhiteElo "1308"]
[BlackElo "2116"]
[PlyCount "66"]
[EventDate "2017.12.03"]
[EventType "team-swiss"]
[EventRounds "10"]
[EventCountry "POL"]
[SourceTitle "EXT 2020"]
[Source "ChessBase"]
[SourceDate "2019.10.17"]
[SourceVersion "1"]
[SourceVersionDate "2019.10.17"]
[SourceQuality "1"]

1. e4 c6 2. Nf3 d5 3. exd5 cxd5 4. d4 Nc6 5. Bb5 Qb6 6. Nc3 Nf6 7. 0-0 Bg4 8. Be3 e6 9. h3 Bh5 10. g4 Bg6 11. Ne5 Bb4 12. Bxc6+ bxc6 13. Na4 Qb5 14. b3 Ne4 15. c4 Qa6 16. cxd5 cxd5 17. Rc1 0-0 18. f3 Nd6 19. Rf2 Rfc8 20. Bd2 Ba3 21. Nxg6 hxg6 22. Rxc8+ Rxc8 23. Be3 Qc6 24. Nc5 Nb5 25. f4 Bxc5 26. dxc5 d4 27. Bxd4 Rd8 28. Rd2 Rxd4 29. Rxd4 Qxc5 30. b4 Qxd4+ 31. Qxd4 Nxd4 32. Kf2 Kf8 33. a4 Ke7 0-1

[Event "Wloclawek CC Classic 21st"]
[Site "Wloclawek"]
[Date "2018.??.??"]
[Round "2"]
[White "Cichocki, Konrad"]
[Black "Radwanski, Sebastian"]
[Result "1-0"]
[WhiteElo "1858"]
[BlackElo "1316"]
[PlyCount "83"]
[EventDate "2018.06.??"]
[EventType "swiss"]
[EventRounds "7"]
[EventCountry "POL"]
[SourceTitle "EXT 2021"]
[Source "ChessBase"]
[SourceDate "2020.10.23"]
[SourceVersion "1"]
[SourceVersionDate "2020.10.23"]
[SourceQuality "1"]

1. Nf3 Nc6 2. d4 d5 3. c4 Nf6 4. Nc3 Bf5 5. a3 e6 6. Bg5 Be7 7. e3 Ne4 8. Bxe7 Nxe7 9. Rc1 c6 10. Be2 Qb6 11. Na4 Qa5+ 12. b4 Qd8 13. 0-0 Rc8 14. c5 0-0 15. Nh4 Nf6 16. Nxf5 Nxf5 17. Bd3 Ne7 18. Qc2 g6 19. b5 b6 20. Qe2 bxc5 21. Nxc5 cxb5 22. Bxb5 Kg7 23. a4 Nf5 24. Rc3 Nd6 25. Rfc1 Rb8 26. f3 Nxb5 27. axb5 Ne8 28. Ra3 Nd6 29. Rxa7 Qc8 30. Rc7 Qxc7 31. Nxe6+ fxe6 32. Rxc7+ Kg8 33. Rc5 Nc4 34. e4 Rfe8 35. Qd3 Nb2 36. Qb3 Nc4 37. exd5 exd5 38. Rxd5 Nb6 39. Rd8+ Kg7 40. Rxb8 Rxb8 41. Qe6 Rb7 42. Qc6 1-0

[Event "Wloclawek CC Classic 21st"]
[Site "Wloclawek"]
[Date "2018.??.??"]
[Round "5"]
[White "Radwanski, Sebastian"]
[Black "Olechnicki, Krzysztof"]
[Result "1-0"]
[WhiteElo "1316"]
[BlackElo "1429"]
[PlyCount "37"]
[EventDate "2018.06.??"]
[EventType "swiss"]
[EventRounds "7"]
[EventCountry "POL"]
[SourceTitle "EXT 2021"]
[Source "ChessBase"]
[SourceDate "2020.10.23"]
[SourceVersion "1"]
[SourceVersionDate "2020.10.23"]
[SourceQuality "1"]

1. d4 e6 2. c4 d5 3. Nc3 Nf6 4. Nf3 Bb4 5. Bg5 h6 6. Bh4 Nbd7 7. Bxf6 Nxf6 8. Qa4+ Nd7 9. Qxb4 Nb6 10. cxd5 exd5 11. e3 a5 12. Qc5 c6 13. Ne5 Qc7 14. Nb5 Qd8 15. Nd6+ Kf8 16. Nxc8+ Kg8 17. Ne7+ Kh7 18. Nxf7 Nd7 19. Qc2+ 1-0

[Event "Wloclawek CC Classic 21st"]
[Site "Wloclawek"]
[Date "2018.??.??"]
[Round "3"]
[White "Radwanski, Sebastian"]
[Black "Strzesniewska, Joanna"]
[Result "1/2-1/2"]
[WhiteElo "1316"]
[BlackElo "1513"]
[PlyCount "81"]
[EventDate "2018.06.??"]
[EventType "swiss"]
[EventRounds "7"]
[EventCountry "POL"]
[SourceTitle "EXT 2021"]
[Source "ChessBase"]
[SourceDate "2020.10.23"]
[SourceVersion "1"]
[SourceVersionDate "2020.10.23"]
[SourceQuality "1"]

1. d4 d5 2. c4 Nf6 3. Nc3 e6 4. Bg5 Be7 5. Nf3 Nc6 6. e3 0-0 7. Bd3 h6 8. Bh4 a5 9. a3 b6 10. Bg3 Ba6 11. Nb5 dxc4 12. Bxc4 Bxb5 13. Bxb5 Na7 14. Ba4 c5 15. Rc1 b5 16. Bc2 c4 17. 0-0 Bd6 18. Bh4 g5 19. Bg3 Bxg3 20. fxg3 Ng4 21. Qe2 f5 22. h3 Nf6 23. b3 cxb3 24. Bxb3 Qd6 25. Ne5 Ne4 26. Qh5 Rf6 27. Qf3 Rb8 28. Rc2 Rc8 29. Rfc1 Rxc2 30. Rxc2 Qxa3 31. Bxe6+ Rxe6 32. Qxf5 Qxe3+ 33. Kh2 Qxg3+ 34. Kg1 Qe3+ 35. Kh2 Rf6 36. Rc8+ Nxc8 37. Qxc8+ Kh7 38. Qd7+ Kg8 39. Qe8+ Kh7 40. Qe7+ Kg8 41. Qe8+ 1/2-1/2